[Event "?"]
[Site "?"]
[Date "2013.07.22"]
[Round "5.23"]
[White "Lennartz, Ludwig"]
[Black "Wilde, Christian"]
[Result "1-0"]
[WhiteElo "1512"]
[BlackElo "1223"]
[PlyCount "83"]
[EventDate "2013.??.??"]
[WhiteTeam "DJK Arminia Eilendorf 1919 e.V."]
[BlackTeam "SF Köln-Longerich 195"]

1. e4 d6 2. d4 g6 3. Nc3 a6 4. Be3 Nd7 5. Nf3 Bg7 6. Bd3 e5 7. d5 Ne7 8. O-O
O-O 9. Ne2 b5 10. a4 bxa4 11. Rxa4 Nc5 12. Rc4 Nxd3 13. Qxd3 f5 14. Qb3 a5 15.
Nc3 Ba6 16. Ng5 Bxc4 17. Qxc4 Qb8 18. Ne6 Rc8 19. Bg5 Bf8 20. f4 fxe4 21. Nxe4
Qb6+ 22. Kh1 h6 23. Nf6+ Kf7 24. Nd7 Qxb2 25. fxe5+ Nf5 26. Bc1 Qb4 27. Qxb4
axb4 28. Ndxf8 Rxf8 29. Nxf8 Rxf8 30. g4 Kg7 31. gxf5 dxe5 32. Bb2 Rxf5 33.
Rxf5 gxf5 34. Bxe5+ Kf7 35. Bxc7 Ke7 36. d6+ Kd7 37. Kg2 h5 38. Kf3 Ke6 39. Kf4
h4 40. h3 Kd7 41. Kxf5 Kc8 42. Ke6 1-0

[Event "?"]
[Site "?"]
[Date "2013.07.22"]
[Round "5.24"]
[White "Schröter, Heinz-Jürgen"]
[Black "Dijkhuis, Oele"]
[Result "1/2-1/2"]
[WhiteElo "1160"]
[BlackElo "1343"]
[PlyCount "40"]
[EventDate "2013.??.??"]
[WhiteTeam "SV Horrem 1948"]
[BlackTeam "Schaakclub Utrecht (NL)"]

1. d4 Nf6 2. c4 g6 3. Bf4 Bg7 4. e3 d6 5. Nc3 O-O 6. Be2 c5 7. Nf3 Re8 8. O-O
Nc6 9. d5 Na5 10. Rb1 Nh5 11. Bg3 Bg4 12. h3 Bxf3 13. Bxf3 Nf6 14. Be2 b6 15.
h4 h5 16. Qc2 Qd7 17. Ne4 Ng4 18. Bxg4 Qxg4 19. f3 Qd7 20. a3 e6 1/2-1/2

[Event "?"]
[Site "?"]
[Date "2013.07.22"]
[Round "5.26"]
[White "Schröter, Sophie"]
[Black "Lennartz, Tim"]
[Result "0-1"]
[WhiteElo "988"]
[BlackElo "1028"]
[PlyCount "106"]
[EventDate "2013.??.??"]
[WhiteTeam "SG Porz e.V."]
[BlackTeam "DJK Arminia Eilendorf 1919 e.V."]

1. e4 e5 2. Nf3 Nc6 3. Bb5 a6 4. Ba4 b5 5. Bb3 Nf6 6. Nc3 Bc5 7. d3 O-O 8. O-O
Ne7 9. Nxe5 d6 10. Nf3 Bb7 11. Bg5 Nd7 12. Bd5 Bxd5 13. Nxd5 f6 14. Nxe7+ Qxe7
15. Be3 Bxe3 16. fxe3 f5 17. exf5 Qxe3+ 18. Kh1 Rxf5 19. Qe1 Qxe1 20. Raxe1
Raf8 21. Re7 Ne5 22. Rxc7 Nxf3 23. gxf3 Rxf3 24. Rxf3 Rxf3 25. Kg2 Rf7 26. Rc6
Re7 27. Rc8+ Kf7 28. Kf2 Ra7 29. Rc6 Ke6 30. c3 Kd7 31. Rb6 Kc7 32. Rxb5 axb5
33. a3 Kd8 34. Ke3 Rf7 35. c4 bxc4 36. dxc4 Rb7 37. b4 Ra7 38. Kd4 Kd7 39. b5
Rxa3 40. c5 dxc5+ 41. Kxc5 Ra5 42. Kb6 Ra2 43. Kb7 Rb2 44. b6 g5 45. Ka7 Kc6
46. Kb8 Rxb6+ 47. Kc8 Rb7 48. Kd8 h5 49. Ke8 Kd6 50. Kf8 Ke6 51. Kg8 Kf6 52.
Kh8 Kg6 53. h3 Rb8# 0-1

[Event "?"]
[Site "?"]
[Date "2013.07.22"]
[Round "5.27"]
[White "Jakob, Gudrun"]
[Black "Smets, Heike"]
[Result "1-0"]
[WhiteElo "1033"]
[BlackElo "1445"]
[PlyCount "101"]
[EventDate "2013.??.??"]
[WhiteTeam "Klub Kölner SF e.V. 1"]
[BlackTeam "vereinslos"]

1. e4 e5 2. Nf3 d6 3. Bc4 Nf6 4. d3 h6 5. Nc3 Be7 6. Bd2 O-O 7. O-O c6 8. a4 d5
9. exd5 cxd5 10. Ba2 Bg4 11. h3 Bxf3 12. Qxf3 Nc6 13. Nxd5 Nd4 14. Nxf6+ Bxf6
15. Qd1 Qb6 16. Rb1 Nf5 17. Qg4 Ne7 18. Bxh6 Rad8 19. Be3 Qa5 20. c3 b5 21. Bb3
Rxd3 22. Ra1 b4 23. Qe4 Rfd8 24. Qc4 R8d5 25. Rad1 bxc3 26. bxc3 e4 27. Qxe4
Rxd1 28. Rxd1 Rxd1+ 29. Bxd1 Qd5 30. Qxd5 Nxd5 31. Bxa7 Nxc3 32. Bb3 Bd8 33.
Kf1 Ba5 34. Bd4 Ne4 35. Ke2 Nd2 36. Bc2 Nc4 37. Kd3 Nd6 38. g3 Nf5 39. Bc5 g5
40. Kc4 Ng7 41. Kb5 Be1 42. a5 Ne6 43. Be3 Kg7 44. a6 f6 45. a7 Bxf2 46. Bxf2
Kh6 47. a8=Q Nc7+ 48. Kb6 Nxa8+ 49. Kb7 Kh5 50. Kxa8 g4 51. Bd1 1-0